| 000 | 00528nam a22001577a 4500 | ||
|---|---|---|---|
| 003 | NUST | ||
| 038 | _aNusrat Nadeem | ||
| 082 | _a200 | ||
| 100 |
_aTahir, Muhammad Muneeb _9129126 |
||
| 245 |
_aReal-Time Automatic Modulation Classification using Deep Neural Networks/ _c Muhammad Muneeb Tahir |
||
| 264 |
_aIslamabad: _bSEECS NUST. _c2025. |
||
| 690 |
_aMS-Electrical Engineering _923567 |
||
| 700 |
_aSupervisor: Dr. Arbab Latif _9123054 |
||
| 856 | _uhttp://10.250.8.41:8080/xmlui/handle/123456789/53194 | ||
| 942 |
_2ddc _cSC |
||
| 999 |
_c613856 _d613856 |
||